Manual de Ingeniería de hospitales

Bibliographic Details
Main Author: American Hospital Association.
Format: Section = Libro
Language:Undetermined
Spanish
Published: México Lexus Editores 1976
Subjects:
LEADER 00577nam a2200193Ia 4500
008 240830s9999 xx 000 0 und d
040 |a B-ESTELÍ- RUACS / 690.551 A512 
041 |a spa 
082 |a 690.551 A512 
100 1 |a American Hospital Association. 
245 1 0 |a Manual de Ingeniería de hospitales 
260 |a México  |b Lexus Editores  |c 1976 
300 |a 405 p 
650 7 |a HOSPITALES - MANTENIMIENTO Y REPARACION 
650 7 |b  HOSPITALES - CALEFACCION Y VENTILACION 
650 7 |c  HOSPITALES - MEDIDAS DE SEGURIDAD 
942 |c BK  |2 ddc 
991 |a TEXTO 
999 |c 11587